Pittsburgh Steelers 2018 Active Roster - Statistics

General Stats
  • This quiz has been taken 101 times
  • The average score is 24 of 53
Answer Stats
Number Position Player % Correct
7 QB Ben Roethlisberger
90%
2 QB Mason Rudolph
89%
84 WR Antonio Brown
85%
19 WR Juju Smith-Schuster
85%
30 RB James Conner
83%
90 LB T.J. Watt
82%
97 DT Cameron Heyward
77%
5 QB Josh Dobbs
74%
53 C Maurkice Pouncey
74%
89 TE Vance McDonald
72%
66 G David DeCastro
70%
23 CB Joe Haden
67%
13 WR James Washington
66%
4 P Jordan Berry
66%
81 TE Jesse James
62%
98 LB Vince Williams
62%
78 OT Alejandro Villanueva
56%
91 DE Stephon Tuitt
56%
48 LB Bud Dupree
54%
38 RB Jaylen Samuels
54%
34 S Terrell Edmunds
54%
33 RB Trey Edmunds
54%
45 FB Roosevelt Nix
52%
88 WR Darrius Heyward-Bey
49%
73 G Ramon Foster
48%
25 CB Artie Burns
45%
79 NT Javon Hargrave
43%
21 S Sean Davis
43%
20 CB Cameron Sutton
41%
17 WR Eli Rogers
41%
10 WR Ryan Switzer
41%
28 CB Mike Hilton
40%
85 TE Xavier Grimble
40%
71 OT Matt Feiler
37%
94 DE Tyson Alualu
30%
42 S Morgan Burnett
29%
29 CB Brian Allen
27%
27 S Marucs Allen
27%
56 LB Anthony Chickillo
26%
22 RB Stevan Ridley
26%
67 C/G B.J. Finney
23%
93 DT Dan McCullers
22%
37 S Jordan Dangerfield
22%
44 LB Tyler Matakevich
22%
24 CB Coty Sensabaugh
21%
54 LB L.J. Fort
21%
57 LS Kameron Canaday
20%
3 K Matt McCrane
18%
76 OL Chukwuma Okorafor
17%
51 LB Jon Bostic
17%
72 OT Zach Banner
17%
92 LB Olasunkanmi Adeniyi
7%
96 DE L.T. Walton
5%
No matching quizzes found
Score Distribution
Percent of People with Each Score
Percentile by Number Answered
Your Score History
You have not taken this quiz